000 00642nam a2200241Ia 4500
003 OSt
005 20220918182550.0
006 a|||||r|||| 00| 0
007 ta
008 220917b |||||||| |||| 00| 0 eng d
024 _a33,070
037 _cTextual
040 _aARTS
_cARTS
_beng
041 _2eng
_aeng
082 _aO111944,3:g, M5.1
100 _aSaxena O P
_960548
245 0 _aGlimpses of Indo-English fiction
260 _aNew Delhi
_bJainsons India
_c1985
300 _a160p.
_ccm.
650 _aENGLISH LITERATURE
942 _hO111944,3:g, M5.1
_cTEXL
_2CC
999 _c169413
_d169413